000 00529nam a2200229Ia 4500
003 IT-RoPAU
008 120407s9999 xx 000 0 und d
040 _aIT-RoPAU
040 _cIT-RoPAU
041 _aita
100 _aLuigi Todesco
245 _a"Manuale di cronologia. 3. ed. Vol. I. Tavole cronologiche e genealogiche. "
250 _aPadova
260 _aGregoriana
260 _c1957
300 _a174 p.
300 _c24,5 cm
490 _v1
700 _aDaniele Ireneo
942 _cBK
999 _c27142
_d27142